Quizzes
Events
Quiz Creation
Community
Videos
Private Events
Remove Ads
Sign In
Join for FREE
Feedback
Dark Mode
Quiz Categories
Sports
Geography
Music
Movies
Television
Just For Fun
Miscellaneous
History
Literature
Language
Science
Gaming
Entertainment
Religion
Holiday
For Kids
Quiz Lab
Recent
Popular Today
Quiz Kudos Today
Editor Picks
Curator Picks
Quizzes by...
Day
Popularity
Type
Ratings
Length
Year
Community
Subscriptions
Recent Discussions
Orange Saloon
Badges
Playlists
Quests
Create
Leaderboards
Showdown
Live 5
Trivia Bingo
Activity
Puzzle Library
Sporcle Events
Private Events
Virtual Trivia
Globe League
Become a Host
Pub Owners
SporcleCon
Opinionation
Our Games
Videos
Blog
Mobile Apps
Partnerships
Remove Ads and Go Orange
Feedback
Movies
Disney
Marvel Cinematic Universe
Movie Resume
Movie Titles
Oscar
Actor
Actress
Director
Pixar
Role
Movie Quotes
Movie Characters
Box Office
Nominee
Best Picture
Star Wars
James Bond
Horror Movies
Movies
Disney
Marvel Cinematic Universe
Movie Resume
Movie Titles
Oscar
Actor
Actress
Director
Pixar
Role
Movie Quotes
Movie Characters
Box Office
Nominee
Best Picture
Star Wars
James Bond
Horror Movies
Random Quiz
Search Sporcle
×
Quiz Lab
Quiz Lab
Movies
Actor
Type in answers that appear in a list
Type in answers that appear in a list
Classic
Best Score? Go Orange.
Classic Hollywood jumbles Stats
Can you name the Classic Hollywood jumbles?
By
ClassicHollywood
6m
30 Questions
209 Plays
209 Plays
209 Plays
Comments
Comments
Give Quiz Kudos
Give Quiz Kudos
-
- Ratings
hide this ad
More Info
Replay
Link that replays current quiz
Next Quiz
Link to next quiz in quiz playlist
You Got
0%
They Got
Avg Score
55%
Avg Friend Score
Upgrade to see
Score Distribution
Jump to the score distribution portion of the page
Score
0/30
Timer
06:00
0
Plays Today
Jumble
Actor/Actress
% Correct
Ckral Bgale
Clark Gable
89.5%
Anoj Ftnoinae
Joan Fontaine
86.1%
Cokr Shundo
Rock Hudson
85.2%
Roler Fnlyn
Errol Flynn
82.8%
Majse Wretsta
James Stewart
80.4%
Smaej Edna
James Dean
80.4%
Trega Agrob
Greta Garbo
80.4%
Upal Ewmnna
Paul Newman
77.5%
Niveiv Helig
Vivien Leigh
67.9%
Nyamrli Oenmro
Marilyn Monroe
67.5%
Treep Rolre
Peter Lorre
66.5%
Belzahtie Latyro
Elizabeth Taylor
64.6%
Ajen Ymanw
Jane Wyman
60.3%
Tracipai Lane
Patricia Neal
59.3%
Esmaj Asnom
James Mason
58.9%
Jumble
Actor/Actress
% Correct
Tbeet Sdiva
Bette Davis
58.4%
Ary Lilmdna
Ray Milland
56.5%
Ontrey Werop
Tyrone Power
45.5%
Lseecte Mhlo
Celeste Holm
45.5%
Ernamue r'ahao
Maureen O'Hara
44%
Udlcea Sanir
Claude Rains
42.6%
Ryma Staro
Mary Astor
39.7%
Njae Hartru
Jean Arthur
39.2%
Enire Udnen
Irene Dunne
35.4%
Romlna Odnrba
Marlon Brando
31.1%
Beortr Sgucnmim
Robert Cummings
27.3%
Mlahet Territ
Thelma Ritter
27.3%
Rwatel Suntho
Walter Huston
23.9%
Dercic Kehdawirc
Cedric Hardwicke
18.7%
Emleran Tredhici
Marlene Dietrich
13.9%
Quiz Playlist
Details
Report
Send in Message
Add To Playlist
More Info:
Can you un-jumble the actors and actresses names from the Golden era of Hollywood?
Classic:
Type in answers that appear in a list
Last Updated: Feb 16, 2017
Quiz Scoreboard
CHALLENGE
Sign Up to Join the Scoreboard
Show All
Scores
Hide
Comments
May contain spoilers
Recently Published
Popular People in 1961
by mucciniale
History
6m
1-10 Letter E Words III
by El_Dandy
Language
2m
One Thing in Common: World Cities II
by knightlancer
Geography
7m
More to Explore
Quiz From the Vault
Featured Blog Post
Where Did the Easter Bunny Come From?
hide this ad
You Might Also Like...
Tags
Actor Quiz
Actress Quiz
Classic Hollywood
jumble
Today's Top Quizzes in Movies
Browse Movies
hide this ad
Today's Top Quizzes in Actor
Browse Actor
Top Contributed Quizzes in Movies
1
Multi-Oscar Nominations, One Movie, One Winner
2
12 Movies about Fictional 1960s Events
3
One Thing in Common: Movies
4
Three Word 'T' Movies Match Up
5
Three Word 'H' Movies Match Up
6
Three Word 'M' Movies Match Up
7
Three Word 'L' Movies Match Up
8
Three Word 'R' Movies Match Up
9
Three Word 'S' Movies Match Up
10
Three Word 'U' & 'V' Movies Match Up
Explore More
Trending Topics
NBA
Harry Potter
Marvel
Crossword
Anime
Disney
Kpop
Song
Soccer
Pokémon
WWE
The Office
Puzzle
Country
NFL
hide this ad
More By:
ClassicHollywood
Quiz
Plays
Rating
Category
Featured
Created
Alfred Hitchcock's Highest Rated Films
664
3.88
Movies
Feb 1, 2013
What's My Line? Mystery Guests
322
5.00
Television
Dec 31, 2012
150 Highest Rated IMDB Films (1938-61)
272
4.80
Movies
Jan 15, 2013
Audrey Hepburn Tribute
234
5.00
Movies
Jan 20, 2013
Classic Hollywood jumbles
209
4.00
Movies
Jan 5, 2013
Go to Creator's Profile
Score Distribution
Quiz Creator Spotlight
ClassicHollywood
Follow
Send a Message
Quizzes Created
-
Created Quiz Play Count
-
More By This Creator
Popular Quizzes Today
1
Find the US States - No Outlines Minefield
2
The Countries of the World
3
Popular People in 1961
4
Find the Countries of Europe - No Outlines Minefield
5
1-10 Letter E Words III
6
Find the US States
7
One Thing in Common: World Cities II
8
US States
More Movies Quizzes
More Films by Beginning Title Cards
Published
Trending Quizzes
Country Music Stars Doing Things
Get the Picture: Carrie or Dolly
1-10 Letter F Words
1-10 Letter G Words
Risky Map Clicking: Next State Alphabetically
Recently Updated
Leaping Animals
pecheneg
Reality TV Shows (A-Z)
bhenderson79
Rickey Henderson's Hall of Fame Teammates
pecheneg
Champions League XIs: Arsenal
pecheneg
Quick Pick: Celebrities in WWE's Hall of Fame
aduchscher
A-Z Keypad Blitz II
pecheneg
Multiple Oscar Actors
pecheneg
Mystery Phrase Blitz: Oscar 'Best Actors'
pecheneg
F. Scott Fitzgerald Novels
LTH
Pick 3 Villains
ddd62291
Trending Topics
Kpop
Disney
NBA
Harry Potter
Crossword
Marvel
Anime
Pokémon
WWE
The Office
NFL
Song
Soccer
Country
Puzzle
Your Account Isn't Verified!
In order to create a playlist on Sporcle, you need to verify the email address you used during registration. Go to your
Sporcle Settings
to finish the process.
Report this User
Report this user for behavior that violates our
Community Guidelines
.
Details:
Send Report
Go to the Sporcle.com Mobile Site →
Comments